| 000 | 00377nam a22001577a 4500 | ||
|---|---|---|---|
| 003 | OSt | ||
| 008 | 200711b ||||| |||| 00| 0 eng d | ||
| 082 | _a612 BHT | ||
| 100 | _aBhise, S.B | ||
| 245 | _aText book of Human antaomy & Physiology-II | ||
| 250 | _a2019 | ||
| 260 |
_aNew Delhi _bNirali |
||
| 300 | _a8.14 | ||
| 650 | _aHuman Anatomy and Physiology | ||
| 942 |
_2ddc _cBK |
||
| 999 |
_c8847 _d8847 |
||